| 000 | 00785nam a2200193 i 4500 | ||
|---|---|---|---|
| 001 | 181832 | ||
| 003 | ES-MaACL | ||
| 005 | 20250806070431.0 | ||
| 008 | 130405s1878 sp |||| | spa d | ||
| 100 | 1 |
_aLaure, Paul. _9152570 |
|
| 245 | 1 | 0 |
_aDe la medicación diurética _b: Tesis presentada en el concurso para la agregación y sostenida en la facultad de Medicina de Paris el 3 de mayo de 1878 / _cpor el Dr. Paul Laure. |
| 260 |
_aMadrid : _b[s.n.], _c1878 ( _fImp. Enrique Teodoro) |
||
| 300 |
_a73 p. ; _c23 cm. |
||
| 490 | 1 | _aBiblioteca Económica de Medicina y Cirujía | |
| 650 | 4 |
_aDiuréticos. _9152569 |
|
| 830 | 0 |
_aBiblioteca económica de medicina y cirujía _9186248 |
|
| 852 |
_aES-MaACL _jB-12698(4) _z.- Enc. en vol. facticio |
||
| 999 |
_c181832 _d181832 |
||